[Event "Thessaloniki-Chalkidiki-chT"]
[Site "Thessaloniki"]
[Date "2022.04.02"]
[Round "7"]
[White "Zaires Karanasios, Konstantinos"]
[Black "Mixakis, Evangelos"]
[Result "0-1"]
[WhiteElo "1610"]
[BlackElo "1842"]
[PlyCount "80"]
[EventDate "2022.02.20"]
[EventType "team-tourn"]
[EventRounds "7"]
[EventCountry "GRE"]
[SourceTitle "EXT 2024"]
[Source "ChessBase"]
[SourceDate "2023.10.10"]
[SourceVersion "1"]
[SourceVersionDate "2023.10.10"]
[SourceQuality "1"]

1. e4 c5 2. Nf3 d6 3. d4 cxd4 4. Nxd4 Nf6 5. Nc3 g6 6. Be3 Bg7 7. f3 0-0 8. Qd2 Nc6 9. 0-0-0 d5 10. Nxc6 bxc6 11. exd5 cxd5 12. Nxd5 Nxd5 13. Qxd5 Qc7 14. Qc4 Qb8 15. Qb3 Qc7 16. Qc4 Qe5 17. Bd4 Qf4+ 18. Rd2 Be6 19. Qc3 Bh6 20. g3 Qxd2+ 21. Qxd2 Bxd2+ 22. Kxd2 Rfd8 23. c3 Bxa2 24. Kc2 Bd5 25. Be2 a5 26. Ra1 a4 27. f4 Bb3+ 28. Kd2 f6 29. Bf3 Rac8 30. Re1 Kf7 31. g4 Rxd4+ 32. cxd4 Rc2+ 33. Kd3 Rxb2 34. Re2 Rb1 35. Kc3 a3 36. Be4 a2 37. Bxb1 axb1Q 38. Rb2 Qd1 39. Rxb3 Qxg4 40. Kb4 Qxf4 0-1

[Event "Thessaloniki-Chalkidiki-chT B local"]
[Site "Thessaloniki"]
[Date "2019.03.17"]
[Round "8.3"]
[White "Valaroutsos, Kiparissis"]
[Black "Zaires Karanasios, Konstantinos"]
[Result "1-0"]
[WhiteElo "1394"]
[BlackElo "1384"]
[PlyCount "53"]
[EventDate "2019.01.13"]
[EventType "team-swiss"]
[EventRounds "9"]
[EventCountry "GRE"]
[SourceTitle "EXT 2020"]
[Source "ChessBase"]
[SourceDate "2019.10.17"]
[SourceVersion "1"]
[SourceVersionDate "2019.10.17"]
[SourceQuality "1"]

1. d4 Nf6 2. Bf4 b6 3. Nf3 Bb7 4. e3 e6 5. Bd3 c5 6. c3 Nc6 7. Nbd2 d5 8. Ne5 Nxe5 9. dxe5 Nd7 10. Qh5 g6 11. Qg4 Bg7 12. Qg3 Rc8 13. h4 Nf8 14. h5 Rg8 15. hxg6 hxg6 16. Ke2 d4 17. Nc4 Qe7 18. Nd6+ Kd8 19. Bg5 f6 20. exf6 Bxf6 21. Bxf6 Qxf6 22. Nxb7+ Ke7 23. Nd6 Rc6 24. Ne4 Qg7 25. Qg4 Kf7 26. Bb5 Rd6 27. Nxd6+ 1-0

[Event "Thessaloniki-Chalkidiki CupT"]
[Site "Thessaloniki"]
[Date "2019.02.09"]
[Round "1.3"]
[White "Giannopoulos, Ioannis"]
[Black "Zaires Karanasios, Konstantinos"]
[Result "1-0"]
[WhiteElo "1639"]
[BlackElo "1290"]
[PlyCount "48"]
[EventDate "2019.02.09"]
[EventType "team-swiss"]
[EventRounds "5"]
[EventCountry "GRE"]
[SourceTitle "EXT 2021"]
[Source "ChessBase"]
[SourceDate "2020.10.23"]
[SourceVersion "1"]
[SourceVersionDate "2020.10.23"]
[SourceQuality "1"]

1. c4 Nf6 2. Nc3 g6 3. g3 Bg7 4. Bg2 0-0 5. e4 d6 6. Nge2 Bg4 7. f3 Be6 8. d3 c5 9. 0-0 Nc6 10. Be3 a6 11. Qd2 Ne5 12. h3 Rb8 13. f4 Nc6 14. f5 Bd7 15. Bh6 b5 16. cxb5 axb5 17. Bxg7 Kxg7 18. Nf4 b4 19. Ncd5 Nxd5 20. Nxd5 f6 21. h4 Ne5 22. Qe2 Bc6 23. Nf4 Bb5 24. Ne6+ Kg8 1-0

[Event "Thessaloniki-Chalkidiki-chT B local"]
[Site "Thessaloniki"]
[Date "2019.01.27"]
[Round "3.3"]
[White "Zaires Karanasios, Konstantinos"]
[Black "Chrysostomidis, Alkiviadis"]
[Result "1-0"]
[WhiteElo "1384"]
[BlackElo "1416"]
[PlyCount "85"]
[EventDate "2019.01.13"]
[EventType "team-swiss"]
[EventRounds "9"]
[EventCountry "GRE"]
[SourceTitle "EXT 2020"]
[Source "ChessBase"]
[SourceDate "2019.10.17"]
[SourceVersion "1"]
[SourceVersionDate "2019.10.17"]
[SourceQuality "1"]

1. e4 e5 2. Nf3 Nc6 3. Bc4 Bc5 4. 0-0 Nf6 5. d3 0-0 6. Bg5 d6 7. h3 Na5 8. Bb3 c6 9. Nbd2 b5 10. c3 Bb6 11. Bc2 h6 12. Be3 Bc7 13. a4 Bd7 14. b4 Nb7 15. axb5 c5 16. bxc5 dxc5 17. c4 Qe7 18. Nb1 Ba5 19. Bd2 Bb4 20. Bc3 Bxh3 21. gxh3 Qe6 22. Kg2 Bxc3 23. Nxc3 Nh5 24. Ne2 g5 25. Rg1 f5 26. exf5 Qxf5 27. Ng3 Nf4+ 28. Kf1 Qxh3+ 29. Ke1 Ng2+ 30. Kd2 Nh4 31. Nxh4 Qxh4 32. Ne4 Rad8 33. Qg4 Rxf2+ 34. Nxf2 Qxf2+ 35. Qe2 Qf4+ 36. Kc3 Nd6 37. Qg4 Qf6 38. Rgf1 Qg7 39. Qe6+ Kh7 40. Qf6 Qd7 41. Qxe5 Nxb5+ 42. cxb5 Qxb5 43. Rxa7+ 1-0

[Event "Sparta ESPPEP-ch op 13th"]
[Site "Sparta"]
[Date "2017.04.01"]
[Round "2.3"]
[White "Zaires Karanasios, Konstantinos"]
[Black "Stavropoulos, Petros"]
[Result "0-1"]
[WhiteElo "1397"]
[BlackElo "1683"]
[PlyCount "48"]
[EventDate "2017.03.31"]
[EventType "swiss"]
[EventRounds "5"]
[EventCountry "GRE"]
[SourceTitle "EXT 2024"]
[Source "ChessBase"]
[SourceDate "2023.10.10"]
[SourceVersion "1"]
[SourceVersionDate "2023.10.10"]
[SourceQuality "1"]

1. e4 c5 2. Nf3 d6 3. d4 cxd4 4. Nxd4 Nf6 5. Nc3 a6 6. Bg5 Qa5 7. Bd2 Qc7 8. Be2 Nbd7 9. 0-0 e6 10. f4 b5 11. Bf3 Bb7 12. e5 dxe5 13. fxe5 Nxe5 14. Bxb7 Qxb7 15. Kh1 Bc5 16. Nb3 Bb6 17. Bg5 Neg4 18. Qe2 h6 19. Bf4 Qa7 20. Bg3 h5 21. Bh4 Qc7 22. Bg3 Qc6 23. Rad1 h4 24. Rd6 hxg3 0-1